Кристаллография: пер. с болгар.; учебное пособие

Bibliografische gegevens
Hoofdauteur: Костов И. Иван
Andere auteurs: Литвинская Г. П. (редактор)
Samenvatting:Настоящий учебник представляет собой элементарный курс геометрической кристаллографии с введением в кристаллохимию и кристаллофизику. Половину объема учебника занимают вопросы геометрической кристаллографии, являющиеся основными и, безусловно, необходимыми для более логического и углубленного понимания кристаллохимии и кристаллофизики.
Taal:Russisch
Gepubliceerd in: Москва, Мир, 1965
Onderwerpen:
Formaat: MixedMaterials Boek
KOHA link:https://koha.lib.tpu.ru/cgi-bin/koha/opac-detail.pl?biblionumber=46970

MARC

LEADER 00000nam0a2200000 4500
001 46970
005 20231101211048.0
035 |a (RuTPU)RU\TPU\book\49047 
090 |a 46970 
100 |a 20030130d1965 m y0rusy50 ca 
101 1 |a rus  |c bul 
102 |a RU 
105 |a a j 001zy 
200 1 |a Кристаллография  |e пер. с болгар.  |e учебное пособие  |f И. Костов 
210 |a Москва  |c Мир  |d 1965 
215 |a 528 с.  |c ил., табл. 
320 |a Библиогр.: с. 522-523 
330 |a Настоящий учебник представляет собой элементарный курс геометрической кристаллографии с введением в кристаллохимию и кристаллофизику. Половину объема учебника занимают вопросы геометрической кристаллографии, являющиеся основными и, безусловно, необходимыми для более логического и углубленного понимания кристаллохимии и кристаллофизики. 
513 1 |a Иван Костов. Кристаллография  |z rus 
606 1 |a Кристаллография  |2 stltpush  |3 (RuTPU)RU\TPU\subj\16322  |9 42433 
610 1 |a кристаллы 
610 1 |a морфология 
610 1 |a строение 
610 1 |a рентгеноструктурный анализ 
610 1 |a кристаллохимия 
610 1 |a кристаллические структуры 
610 1 |a физические свойства 
610 1 |a учебники 
675 |a 548(075.8)  |v 3 
700 1 |a Костов  |b И.  |g Иван 
702 1 |a Литвинская  |b Г. П.  |4 340 
801 1 |a RU  |b 63413507  |c 20030130  |g PSBO 
801 2 |a RU  |b 63413507  |c 20190909  |g PSBO 
900 |a Основы кристаллографии и минералогии 
942 |c BK